000 00272nam a2200109Ia 4500
008 200302s9999 xx 000 0 und d
100 _aStephen Patterson & Other
245 _aRoofing Design and Practice
260 _bPrentice Hall Inc.
260 _c2001
300 _a321 P.,
999 _c1815
_d1815